[Event "URU-chTB"]
[Site "Uruguay"]
[Date "2017.07.08"]
[Round "2.4"]
[White "Sander, Marcos"]
[Black "Choca, Andres"]
[Result "1-0"]
[WhiteElo "1639"]
[BlackElo "2041"]
[PlyCount "97"]
[EventDate "2017.07.07"]
[EventType "team-swiss"]
[EventRounds "5"]
[EventCountry "URU"]
[SourceTitle "EXT 2018"]
[Source "ChessBase"]
[SourceDate "2017.10.13"]
[SourceVersion "1"]
[SourceVersionDate "2017.10.13"]
[SourceQuality "1"]
[WhiteTeam "Cerro II"]
[BlackTeam "Enroque Largo"]
[WhiteTeamCountry "URU"]
[BlackTeamCountry "URU"]

1. e4 d5 2. exd5 Nf6 3. d4 Nxd5 4. Nf3 Bf5 5. Bc4 Nc6 6. Nc3 Nxc3 7. bxc3 e6 8. h3 Bd6 9. 0-0 0-0 10. Bg5 Be7 11. Bf4 Bf6 12. Re1 Ne7 13. Rb1 b6 14. Be5 Nc6 15. Bxf6 Qxf6 16. Bb5 Ne7 17. Ne5 Rfd8 18. Rc1 c5 19. Qf3 cxd4 20. cxd4 Rac8 21. c3 Nd5 22. Nc6 a6 23. Nxd8 axb5 24. Qxd5 h6 25. Nxe6 Bxe6 26. Qxb5 Bxa2 27. Re8+ Rxe8 28. Qxe8+ Kh7 29. Qe4+ g6 30. d5 Qg5 31. Rd1 Bb3 32. Rd4 Qc1+ 33. Kh2 Qxc3 34. d6 Be6 35. d7 Qc7+ 36. Qf4 Qd8 37. Rd6 Kg7 38. Qe5+ Kg8 39. Rxe6 fxe6 40. Qxe6+ Kf8 41. Qd6+ Kf7 42. Qd5+ Ke7 43. Qc6 Qxd7 44. Qxb6 Qd6+ 45. Qxd6+ Kxd6 46. Kg3 Ke5 47. Kg4 Kf6 48. h4 h5+ 49. Kf4 1-0